01495nab a2200253 i 4500001000400000003000400004005001700008008003900025040000800064080001200072100012500084245028500209260001000494500002100504520029100525650002000816650001800836650002800854773016800882700012701050942001301177999001501190952003601205BPPBPK20160604115517.0160112s1974 pl | | |000 ||pol cBPK a796.012 aCIEPLIŃSKI, Jerzy.d1974 - 1982.bWyższa Szkoła Inżynierska w Koszalinie - Studium Wychowania Fizycznego i Sportu aPrzebieg selekcji i przygotowań do Centralnej Spartakiady Młodzieży w 1973 r, w zakresie podstawowych cech morfologicznych i sprawności fizycznej oraz szkolenia sportowego reprezentacji Gdańska w piłce koszykowej mężczyzn /cJerzy Ciepliński, Leszek Wojciechowski. c1974. aDane z autopsja. aPraca niniejsza zawiera informacje dotyczące przebiegu selekcji i przygotowań do Centralnej Spartakiady Młodzieży w 1973 roku w zakresie podstawowych cech morfologicznych i sprawności fizycznej oraz szkolenia sportowego reprezentacji Gdańska w piłce koszykowej mężczyzn. aSport - zawody. aKoszykówka. 0aSprawność fizyczna. iW :tZeszyty Naukowe Wyższej Szkoły Inżynierskiej w Koszalinie. Prace Studiów Wychowania Fizycznego i Sportu Uczelni Technicznych. -g1974, nr 2, s. 244-253 aWOJCIECHOWSKI, Leszek.d1968 - 1996.bWyższa Szkoła Inżynierska w Koszalinie - Studium Wychowania Fizycznego i Sportu cART2UKD c5188d5188 00104070aBPKbBPKo0153yART